[Event "GER OS-344 email"]
[Site "GER email"]
[Date "2018.05.24"]
[Round "?"]
[White "Petri, Raphael"]
[Black "Horst, Lothar"]
[Result "0-1"]
[WhiteElo "1537"]
[BlackElo "1798"]
[PlyCount "60"]
[EventDate "2018.06.05"]
[EventType "tourn (corr)"]
[EventRounds "6"]
[EventCountry "GER"]
[SourceTitle "Corr 2020"]
[Source "ChessBase"]
[SourceDate "2019.09.30"]
[SourceVersion "1"]
[SourceVersionDate "2019.09.30"]
[SourceQuality "1"]

1. c4 e5 2. g3 Nf6 3. Bg2 Nc6 4. Nc3 Bc5 5. d3 0-0 6. Nf3 d5 7. Nxd5 Nxd5 8. cxd5 Qxd5 9. 0-0 Qd6 10. a3 Nd4 11. b4 Nxf3+ 12. Bxf3 Bb6 13. Bb2 c6 14. Qc2 Re8 15. Rac1 Bh3 16. Bg2 Qd7 17. Qc4 Rad8 18. a4 Bd4 19. Bxd4 exd4 20. Bxh3 Qxh3 21. Qa2 Rd5 22. f4 Rh5 23. Rf2 Re3 24. Rg2 Rxg3 25. hxg3 Qh1+ 26. Kf2 Qxc1 27. Kf3 Qe3+ 28. Kg4 Rh1 29. Qc4 h5+ 30. Kf5 Qe7 0-1

[Event "GER OS-343 email"]
[Site "GER email"]
[Date "2018.03.14"]
[Round "?"]
[White "Horst, Lothar"]
[Black "Petri, Raphael"]
[Result "1-0"]
[WhiteElo "1780"]
[BlackElo "1480"]
[PlyCount "69"]
[EventDate "2018.03.26"]
[EventType "tourn (corr)"]
[EventRounds "6"]
[EventCountry "GER"]
[SourceTitle "Corr 2020"]
[Source "ChessBase"]
[SourceDate "2019.09.30"]
[SourceVersion "1"]
[SourceVersionDate "2019.09.30"]
[SourceQuality "1"]

1. e4 e6 2. d4 d5 3. exd5 exd5 4. Nf3 Bd6 5. c4 Nf6 6. c5 Be7 7. Bd3 0-0 8. 0-0 Bg4 9. h3 Bh5 10. Nc3 b6 11. cxb6 axb6 12. Re1 c5 13. g4 Bg6 14. Bxg6 fxg6 15. Qe2 Nc6 16. Qe6+ Kh8 17. Qxc6 Nxg4 18. hxg4 Rxf3 19. Qxd5 Qxd5 20. Nxd5 Bh4 21. Be3 Raf8 22. dxc5 bxc5 23. Bxc5 Bxf2+ 24. Bxf2 Rxf2 25. Rf1 Rxf1+ 26. Rxf1 Rd8 27. a4 h5 28. Ra1 Rxd5 29. a5 Rd8 30. a6 Kg8 31. a7 Ra8 32. b4 Kf7 33. b5 Ke7 34. b6 Kd7 35. Rc1 1-0

[Event "GER OS-343 email"]
[Site "GER email"]
[Date "2018.03.14"]
[Round "?"]
[White "Petri, Raphael"]
[Black "Eschweiler, Martin"]
[Result "1-0"]
[WhiteElo "1480"]
[BlackElo "1208"]
[PlyCount "39"]
[EventDate "2018.03.26"]
[EventType "tourn (corr)"]
[EventRounds "6"]
[EventCountry "GER"]
[SourceTitle "Corr 2020"]
[Source "ChessBase"]
[SourceDate "2019.09.30"]
[SourceVersion "1"]
[SourceVersionDate "2019.09.30"]
[SourceQuality "1"]

1. e4 e5 2. Nf3 Nc6 3. Bb5 a6 4. Ba4 Nf6 5. 0-0 Nxe4 6. Re1 Nd6 7. Bxc6 dxc6 8. Nxe5 Be7 9. Nc3 0-0 10. d4 Nf5 11. Be3 Be6 12. Qd2 Nxe3 13. fxe3 Bd6 14. Nf3 Bb4 15. a3 Be7 16. Rad1 Re8 17. e4 Bg4 18. Qf4 Bxf3 19. Qxf3 Bd6 20. e5 1-0